000 00705cab a22001935a 4500
001 L143465
008 080507e20080509xxkd f 000 0 eng d
035 _a(Sirsi) u143465
041 0 _aeng
100 1 _aMorrison, Doug
245 0 0 _aHumberts' hubris
_bmarket watch 2008 part 3
260 _c2008
490 0 _aProperty Week
_v73(19) 9 May 2008, 42-43(2)
520 _aDiscusses the problems facing Humberts, the Estate agency established over one hundred and fifty years ago. Outlines the firm's rescue remedy post 2005 and how it is coping with the credit crunch.
590 _aKA
651 4 _aUnited Kingdom
_y
690 _aPROPERTY-COMMERCIAL PROPERTY-COMMERCIAL PROPERTY MARKET
942 _n0
999 _c80192
_d80192